Score 0/8 Timer 02:30
1 Play Today
% Correct
Black Widow
Scarlett Johansson
96.5%
Scarlet Witch
Elizabeth Olsen
93.2%
Gamora
Zoe Saldana
93%
Nebula
Karen Gillan
91.3%
Jane Foster
Natalie Portman
89%
Mantis
Pom Klementieff
87.7%
Captain Marvel
Brie Larson
84.7%
Pepper Potts
Gwyneth Paltrow
81.3%
Remove Ads.
Support Sporcle.
Get the best of Sporcle when you Go Orange. This ad-free experience offers more features, more stats, and more fun while also helping to support Sporcle. Thank you for becoming a member.

You're not logged in!

Compare scores with friends on all Sporcle quizzes.
OR
Log In

Show Comments

Extras

Top Quizzes Today


Score Distribution

Your Account Isn't Verified!

In order to create a playlist on Sporcle, you need to verify the email address you used during registration. Go to your Sporcle Settings to finish the process.

Report this User

Report this user for behavior that violates our Community Guidelines.

Details: